[Event "Czech Open GM 2020"]
[Site "Pardubice"]
[Date "2020.09.22"]
[Round "2.13"]
[White "Jarmula, Lukasz"]
[Black "Lorscheid, Gerhard"]
[Result "1-0"]
[WhiteElo "2444"]
[BlackElo "2185"]
[Annotator "TA"]
[PlyCount "75"]
[EventDate "2020.09.21"]
[EventCountry "CZE"]
[SourceTitle "playchess.com"]
[Source "ChessBase"]
[SourceQuality "1"]

{[%evp 15,74,25,39,28,34,34,53,50,56,54,48,39,37,15,19,22,22,31,27,28,20,37,31,31,20,10,13,13,24,0,0,0,-5,0,0,-31,19,20,158,139,133,146,158,152,159,137,142,76,306,44,29994,29995,29995,29996,29997,29997,29997,29998,29998,29999,29999]} 1. e4 d6 2. d4 Nf6 3. f3 e5 4. dxe5 dxe5 5. Qxd8+ Kxd8 6. Bc4 Ke8 7. Be3 Nbd7 8. Nd2 {[%cal Bb1d2,Bd2f1,Bf1e3][%mdl 32]} Bc5 9. Nf1 {has lost popularity (9.Kf2). B07: Pirc Defence: Miscellaneous Systems.} c6 {[#]} 10. Nh3 $146 ({Predecessor:} 10. a3 h6 11. Ne2 g6 12. Nc1 Ke7 13. Nd3 Bxe3 14. Nxe3 Ne8 15. g3 f6 16. O-O-O Nd6 {1-0 (50) Ammar,S (2099)-Khalid,E (2054) Batumi 2018}) 10... h6 11. Nf2 {White is slightly better.} a5 12. a4 Bxe3 13. Nxe3 Nc5 14. O-O (14. O-O-O {looks sharper.} g6 15. b3 Ke7 16. Kb2 Bd7 17. Nd3) 14... g6 15. Nd3 Nxd3 16. cxd3 Nh5 17. Rad1 Ke7 18. d4 exd4 19. Rxd4 Nf4 20. e5 Ne6 21. Rd6 Nc5 22. f4 Nxa4 23. g4 $36 {[%mdl 2048] White has the initiative.} Nxb2 24. Ba2 $1 Rg8 25. Kh1 {Black should prevent f5.} Na4 {Threatens to win with ...Nc3.} 26. Rc1 $1 Be6 (26... Rd8 $11 27. Rf6 Rf8) 27. Bxe6 $16 fxe6 28. f5 $1 {[%cal Rf5f6]} gxf5 29. gxf5 exf5 30. Nxf5+ {[%mdl 64] Double Attack} Ke8 31. Rxh6 (31. Re6+ $142 $1 Kf7 32. Rxh6) 31... Nb2 $2 {[#]} (31... Rd8 $16) 32. Nd6+ $2 ({Only move:} 32. Rh7 $1 $18 Nd3 33. Rf1 Nxe5 {[#]} 34. Re1 $1 {[%mdl 512]} (34. Rxb7 Nf7 $18)) 32... Kf8 $2 {[%mdl 8192]} (32... Ke7 $14) 33. Rf1+ {White mates.} Kg7 34. Rff6 {[%cal Rd6f5]} Rgb8 35. Nf5+ Kg8 36. e6 a4 37. Rfg6+ Kf8 38. Rh8# {Accuracy: White = 80%, Black = 67%.} 1-0

[Event "Czech Open GM 2020"]
[Site "Pardubice"]
[Date "2020.09.22"]
[Round "2.14"]
[White "Seitz, Patrick"]
[Black "Koziak, Vitali"]
[Result "1/2-1/2"]
[WhiteElo "2186"]
[BlackElo "2434"]
[Annotator "TA"]
[PlyCount "85"]
[EventDate "2020.09.21"]
[EventCountry "CZE"]
[SourceTitle "playchess.com"]
[Source "ChessBase"]
[SourceQuality "1"]

{[%evp 11,85,0,0,0,13,-13,-18,-20,-14,-20,-22,-104,-102,-113,-102,-125,-12,-93,-87,-100,-80,-233,-258,-243,-211,-220,-203,-200,-194,-192,-182,-141,-145,-202,-189,-184,-189,-173,-189,-154,54,17,145,145,388,382,356,333,321,295,379,0,0,-10,-10,-12,-4,-4,-4,-4,-4,-4,0,0,0,0,0,0,0,0,0,0,0,0,0,0]} 1. e4 g6 2. d4 Bg7 3. Nf3 d6 4. Bc4 Nf6 5. Nc3 O-O 6. Bb3 Bg4 7. Be3 {B08: Pirc Defence: Classical System.} Nc6 {[%cal Bb8c6,Bc6a5,Ba5b3][%mdl 32]} 8. Qd2 (8. h3 $5 {[%cal Rh3g4]} Bxf3 9. Qxf3 $11) 8... Bxf3 9. gxf3 {[#]} Na5 $146 ({Predecessor:} 9... e5 10. dxe5 dxe5 11. O-O-O Na5 12. Qe2 Nxb3+ 13. axb3 Qc8 14. h4 c6 15. Rdg1 Nh5 {½-½ (46) Mikita,J (2271)-Petran,P (2326) Banska Stiavnica 2006}) 10. Bh6 c5 11. h4 (11. Bxg7 $11 {keeps the balance.} Kxg7 12. dxc5) 11... Nxb3 $17 12. axb3 cxd4 13. Nd5 Nxd5 (13... e6 $17 {White must now prevent ...Bxh6.} 14. Bxg7 Kxg7 15. Nxf6 Qxf6) 14. exd5 (14. Bxg7 $11 {remains equal.} Kxg7 15. exd5) 14... Bxh6 15. Qxh6 e5 16. h5 $2 (16. dxe6 $17 {was forced.} Re8 17. O-O-O Rxe6 18. Rxd4) 16... g5 $19 17. O-O-O f6 18. f4 exf4 19. Rhe1 Qd7 20. Re6 Qg7 $1 {[%cal Rg7h6]} 21. Qxg7+ Kxg7 22. Rxd6 (22. Rxd4 $17 {was necessary.} Kh6 23. Kd2) 22... Rad8 23. Rxd8 Rxd8 24. Rxd4 {[%mdl 4096] Endgame KR-KR} Kh6 25. b4 b5 $2 (25... a6 $1 $17 {aiming for ...f5.} 26. Kd1 Kxh5) 26. b3 $1 $14 g4 {[#]} (26... Kxh5 $11 27. c4 Kg6) 27. c4 $1 $16 Kg5 $2 {[#]} (27... Kxh5 $16 28. Rxf4 Kg5) 28. c5 $1 $18 g3 29. fxg3 fxg3 {White should prevent ...g2.} 30. Rd2 {Hoping for c6.} Kf4 ({Much worse is} 30... Kxh5 31. d6 $18) 31. c6 $2 ({White has to play} 31. d6 $18 {c6 is the strong threat.} Ke5 32. h6) 31... Ke5 $1 $11 {The position is equal.} 32. c7 Rc8 33. d6 {Strongly threatening Kb2.} Ke6 34. Kd1 $1 {Threatening mate with d7.} g2 $1 {[%cal Rg2g1]} 35. Rxg2 Kxd6 36. Rf2 $132 {[%mdl 2048] White is fighting back} Ke6 37. Rc2 Kd7 38. Rf2 Rf8 39. Rf5 Kxc7 40. Rxb5 Rd8+ 41. Ke2 Re8+ 42. Kd3 Re5 43. Ra5 {Accuracy: White = 76%, Black = 73%.} 1/2-1/2

[Event "Czech Open GM 2020"]
[Site "Pardubice"]
[Date "2020.09.22"]
[Round "2.15"]
[White "Arkell, Keith C"]
[Black "Iolis, Oleg"]
[Result "1-0"]
[WhiteElo "2429"]
[BlackElo "2173"]
[Annotator "TA"]
[PlyCount "161"]
[EventDate "2020.09.21"]
[EventCountry "CZE"]
[SourceTitle "playchess.com"]
[Source "ChessBase"]
[SourceQuality "1"]

{[%evp 22,161,24,0,9,16,23,0,0,0,12,2,0,0,0,5,8,-32,-10,-10,0,0,9,2,76,24,46,11,56,52,59,61,70,77,58,58,91,89,92,94,104,107,111,111,116,116,129,95,120,100,181,179,178,189,203,172,181,0,194,194,185,185,194,191,196,183,184,153,168,152,205,204,204,204,205,204,205,204,198,198,1514,1413,1110,153,12822,12822,12823,11441,12820,11152,12786,11258,12825,12827,2085,6670,12825,695,6670,139,139,139,139,139,139,139,139,139,139,139,139,139,139,0,139,139,139,139,139,139,139,0,139,0,139,0,139,114,12843,12843,12845,12845,12845,12846,12846,12847,27998,27997,27999,27999,27996,27998]} 1. c4 e5 2. Nc3 Nf6 3. g3 d5 4. cxd5 Nxd5 5. Bg2 Nb6 6. Nf3 Nc6 7. a3 a5 8. O-O Be7 9. d3 O-O 10. Be3 Be6 11. Rc1 {11.Na4 injects fresh life into this line.} Nd5 12. Bd2 Nxc3 {A29: English Opening: Four Knights Variation with 4 g3.} 13. Bxc3 Bf6 {[#]} 14. b4 $146 ({Predecessor:} 14. Nd2 Bd5 15. Bxd5 Qxd5 16. Qb3 Qd7 17. Nf3 Rfe8 18. a4 h6 19. Kg2 Ra6 20. Qc4 {1-0 (58) Abhishek,D (2325)-Anustoop,B (2052) Sitges 2018}) 14... axb4 {The position is equal.} 15. axb4 Nd4 16. Bxd4 exd4 17. Nd2 c6 18. Ne4 Be7 19. Rb1 Qb6 20. Nc5 Bc8 21. Qc2 Qa7 22. Rfc1 Re8 (22... Rd8 $11) 23. Bf3 (23. b5 $16 cxb5 24. Rxb5) 23... Bg5 24. Rd1 (24. Ra1 $5 Qxa1 25. Rxa1 Rxa1+ 26. Kg2 $11) 24... Qa2 25. Qxa2 Rxa2 26. b5 cxb5 27. h4 Be7 28. Rxb5 Rc2 29. Nxb7 g6 30. Na5 Rc5 31. Rxc5 Bxc5 32. Rc1 Bb4 33. Nb3 Bc3 34. Nc5 Kg7 35. Ne4 Bb4 (35... Bb2 $16 36. Rc7 Be6) 36. Rc4 $18 Be7 37. Rxd4 Be6 38. Ng5 Bb3 39. Ne4 $2 (39. Rd7 $18) 39... Rd8 $2 (39... Be6 $1 $11 {and Black stays safe.}) 40. Rxd8 Bxd8 {[%mdl 4096] Endgame KBB-KBN} 41. Nc5 Ba2 42. d4 Kf6 43. Ne4+ Ke7 44. Nc3 Bb3 45. Kg2 h5 (45... f5 $16 {keeps fighting.} 46. Bd5 Ba5 47. Bxb3 Bxc3) 46. e3 Ba5 47. Ne4 Bb4 48. Nc5 Bc4 49. Bb7 Kd6 50. Kf3 Bxc5 $2 (50... Bb5 51. Ne4+ Ke7) 51. dxc5+ Kxc5 {[#] KB-KB} 52. Kf4 $2 (52. Be4 $1 $18 Kd6 53. Kf4) 52... Kd6 $2 (52... f6 $16 53. Be4 Bf7) 53. Kg5 Ke7 54. f3 Bb3 55. Be4 Be6 56. Bd3 Bd5 57. e4 Bb3 58. f4 Bd1 59. f5 (59. e5 $142 Bg4 60. f5 gxf5 61. Bxf5) 59... gxf5 60. exf5 $2 (60. Kxf5 $18 f6 61. Bc4) 60... f6+ $16 61. Kg6 Bf3 62. Bc4 Bd1 63. Bg8 Be2 64. Bh7 Bg4 65. Kg7 {[#] Threatens to win with Bg6.} Bf3 66. Bg6 Bg4 67. Bh7 Bf3 68. Bg8 Bg4 69. Bf7 {Strongly threatening Bg6.} Bf3 70. Bc4 Bd1 71. Bg8 ({Better is} 71. Kg6 $16) 71... Be2 (71... Bg4 $1 $11 {remains equal.} 72. Bh7) 72. Bf7 Bf3 73. Bg6 {And now Kh6 would win.} Bg4 $1 74. Kh6 Kd6 $2 {[%mdl 8192]} (74... Kf8 $16 75. Bxh5 Bxf5) 75. Bxh5 $18 Bxf5 76. Bg6 Bg4 77. Kg7 Ke5 78. h5 Bxh5 79. Bxh5 {White mates.} Kf5 80. Kh6 Ke4 81. Kg6 {Accuracy: White = 75%, Black = 62%.} 1-0

[Event "Czech Open GM 2020"]
[Site "Pardubice"]
[Date "2020.09.22"]
[Round "2.16"]
[White "Pychova, Nela"]
[Black "Jurcik, Marian"]
[Result "1/2-1/2"]
[WhiteElo "2159"]
[BlackElo "2426"]
[Annotator "ChessBase"]
[PlyCount "98"]
[EventDate "2020.09.21"]
[EventCountry "CZE"]
[SourceTitle "playchess.com"]
[Source "ChessBase"]
[SourceQuality "1"]
[TimeControl "40/5400+30:1800+30"]

1. c4 {[%emt 0:00:00]} e5 {[%emt 0:00:14]} 2. Nc3 {[%emt 0:00:00]} Bb4 {[%emt 0:01:50]} 3. g3 {[%emt 0:00:19]} Bxc3 {[%emt 0:00:50]} 4. bxc3 {[%emt 0:05:09]} d6 {[%emt 0:00:40]} 5. Bg2 {[%emt 0:00:10]} Nc6 {[%emt 0:00:55]} 6. d3 {[%emt 0:01:10]} f5 {[%emt 0:00:36]} 7. Nf3 {[%emt 0:03:12]} Nf6 {[%emt 0:00:32]} 8. O-O {[%emt 0:03:27]} O-O {[%emt 0:00:35]} 9. Ne1 {[%emt 0:13:00]} Qe8 {[%emt 0:29:27]} 10. Nc2 {[%emt 0:06:10]} Qh5 {[%emt 0:08:01]} 11. Nb4 {[%emt 0:08:45]} Ne7 {[%emt 0:09:05]} 12. e3 {[%emt 0:05:09]} Qxd1 {[%emt 0:04:23]} 13. Rxd1 {[%emt 0:02:33]} e4 {[%emt 0:00:56]} 14. dxe4 {[%emt 0:02:45]} Nxe4 {[%emt 0:01:10]} 15. Bxe4 {[%emt 0:13:33]} fxe4 {[%emt 0:00:06]} 16. Nd5 {[%emt 0:00:09]} Nxd5 {[%emt 0:00:18]} 17. cxd5 {[%emt 0:07:48]} Bg4 {[%emt 0:00:26]} 18. Rd4 {[%emt 0:00:40]} Bf3 {[%emt 0:00:13]} 19. Rc4 {[%emt 0:01:08]} Rf7 {[%emt 0:00:21]} 20. Rb1 {[%emt 0:03:36]} b6 {[%emt 0:00:52]} 21. Rc6 {[%emt 0:04:01]} Re8 {[%emt 0:01:37]} 22. Rb4 {[%emt 0:02:50]} Re5 {[%emt 0:01:08]} 23. Rd4 {[%emt 0:00:09]} Rh5 {[%emt 0:01:47]} 24. Bd2 {[%emt 0:09:43]} Rf6 {[%emt 0:04:17]} 25. h4 {[%emt 0:01:19]} Rfh6 {[%emt 0:01:38]} 26. Kh2 {[%emt 0:01:32]} g5 {[%emt 0:01:57]} 27. Rxc7 {[%emt 0:00:09]} gxh4 {[%emt 0:00:15]} 28. g4 {[%emt 0:00:10]} Rg5 {[%emt 0:03:25]} 29. Rdc4 {[%emt 0:01:51]} Rf6 {[%emt 0:03:23]} 30. Rxa7 {[%emt 0:03:35]} Rf7 {[%emt 0:06:28]} 31. Rc8+ {[%emt 0:00:41]} Kg7 {[%emt 0:00:14]} 32. Rxf7+ {[%emt 0:00:36]} Kxf7 {[%emt 0:00:02]} 33. c4 {[%emt 0:00:32]} Rxg4 {[%emt 0:00:18]} 34. Rc7+ {[%emt 0:00:30]} Kg6 {[%emt 0:02:43]} 35. Bc3 {[%emt 0:00:31]} Rg2+ {[%emt 0:01:59]} 36. Kh3 {[%emt 0:00:15]} Rxf2 {[%emt 0:00:26]} 37. Kxh4 {[%emt 0:00:44]} h5 {[%emt 0:08:06]} 38. Rd7 {[%emt 0:00:34]} Rh2+ {[%emt 0:00:33]} 39. Kg3 {[%emt 0:00:09]} Rg2+ {[%emt 0:03:02]} 40. Kh3 {[%emt 0:00:48]} Rc2 {[%emt 0:03:58]} 41. Rxd6+ {[%emt 0:08:10]} Kf5 {[%emt 0:00:55]} 42. Bd4 {[%emt 0:06:08]} Rc1 {[%emt 0:07:31]} 43. Rd8 {[%emt 0:04:08]} Rh1+ {[%emt 0:00:34]} 44. Kg3 {[%emt 0:00:07]} h4+ {[%emt 0:00:22]} 45. Kf2 {[%emt 0:00:04]} Rh2+ {[%emt 0:00:30]} 46. Kg1 {[%emt 0:02:40]} Rh1+ {[%emt 0:21:27]} 47. Kf2 {[%emt 0:00:06]} Rh2+ {[%emt 0:00:09]} 48. Kg1 {[%emt 0:00:28]} Rh1+ {[%emt 0:02:20]} 49. Kf2 {[%emt 0:00:18]} Rh2+ {[%emt 0:01:01]} 1/2-1/2

[Event "Czech Open GM 2020"]
[Site "Pardubice"]
[Date "2020.09.22"]
[Round "2.17"]
[White "Terziev, Dimo"]
[Black "Szpar, Milosz"]
[Result "1/2-1/2"]
[WhiteElo "2157"]
[BlackElo "2397"]
[Annotator "TA"]
[PlyCount "42"]
[EventDate "2020.09.21"]
[EventCountry "CZE"]
[SourceTitle "playchess.com"]
[Source "ChessBase"]
[SourceQuality "1"]

{[%evp 10,42,23,0,1,0,0,-17,-11,-14,-16,-8,-36,-35,-22,-22,-22,-40,-41,-41,-24,-31,-26,-27,-22,-40,-12,-8,-11,-5,-4,-4,0,-7,0]} 1. e4 c5 2. Nf3 d6 3. d4 Nf6 4. dxc5 Nxe4 5. cxd6 Nc6 6. Bd3 (6. Nbd2 {with more complications.} Nxd6 7. Nc4 e5 8. c3 f6 9. Qb3) 6... Nxd6 {B53: Sicilian: 2...d6: Lines with Qxd4.} 7. O-O g6 8. Bd2 Bg7 9. Bc3 O-O 10. Bxg7 Kxg7 11. Nc3 {[%cal Bb1c3,Bc3d5,Bd5e3][%mdl 32]} Qb6 {[#]} 12. Rb1 $146 ({Predecessor:} 12. b3) 12... Bf5 13. a3 Rad8 14. Nd5 Qc5 15. Ne3 {Black should prevent b4.} Bxd3 16. Qxd3 Nb5 17. Qb3 Rd7 18. c3 {The position is equal.} Rfd8 19. Rbd1 Rxd1 20. Rxd1 Rxd1+ 21. Qxd1 Nd6 {Accuracy: White = 100%, Black = 93%.} 1/2-1/2

[Event "Czech Open GM 2020"]
[Site "Pardubice"]
[Date "2020.09.22"]
[Round "2.18"]
[White "Vokac, Marek"]
[Black "Balinski, Damian"]
[Result "0-1"]
[WhiteElo "2365"]
[BlackElo "2158"]
[Annotator "TA"]
[PlyCount "82"]
[EventDate "2020.09.21"]
[EventCountry "CZE"]
[SourceTitle "playchess.com"]
[Source "ChessBase"]
[SourceQuality "1"]

{[%evp 15,82,-8,-12,-12,-14,-10,-8,-7,0,-14,-9,-10,27,-14,-4,-16,0,0,19,0,0,0,0,0,64,64,95,87,81,86,148,137,142,133,187,184,437,284,277,191,529,520,517,-759,-730,-1027,-977,-6718,-5689,-6311,-5697,-5685,-5172,-5318,-5214,-3387,-2966,-29982,-29983,-29985,-29986,-29986,-29987,-29987,-29988,-29988,-29989,-29989,-29990]} 1. e4 d6 2. Nc3 g6 3. f4 Bg7 4. Nf3 c5 5. Bb5+ Bd7 6. Bxd7+ Qxd7 7. O-O Nc6 8. d3 e6 9. Ne2 {B23: Closed Sicilian: Lines without g3.} Nge7 10. c3 O-O 11. Be3 {[#] The position is equal.} b6 $146 ({Predecessor:} 11... f5 12. Ng3 Rac8 13. Qd2 b5 14. d4 cxd4 15. Nxd4 Nxd4 16. Bxd4 Bxd4+ 17. Qxd4 Rc4 {0-1 (37) Li,B (2072)-Qin,Z (2329) Montreal 2010}) 12. a3 f5 13. b4 Rad8 14. Rb1 {[#]} c4 $1 {[%mdl 512]} 15. Ng3 (15. dxc4 fxe4) 15... fxe4 16. dxe4 b5 17. Qd2 e5 18. f5 gxf5 19. exf5 d5 (19... Nxf5 $11 20. Nxf5 Rxf5) 20. Bg5 $14 Nxf5 21. Nxf5 Rxf5 22. Bxd8 Qxd8 {[#]} (22... Nxd8 $142 23. Ng5 d4) 23. Nh4 $1 $16 {[%cal Rh4f5][%mdl 512]} Rxf1+ (23... Qxh4 24. Qxd5+) 24. Rxf1 {aiming for Nf5.} d4 (24... Ne7 $16 {keeps fighting.}) 25. Nf5 $18 Bf6 $2 (25... dxc3 26. Qxc3 Nd4) 26. Qe2 ({Weaker is} 26. Nh6+ Kg7 $18) 26... dxc3 27. Qh5 {Nh6+ is the strong threat.} c2 $2 (27... Nd4 {is a better chance.}) 28. Nh6+ Kg7 {And now ...Qd4+ would win.} 29. Ng4 $4 {[%mdl 8192] [#]} (29. Qf7+ $18 Kh8 30. Qe6) 29... Qd4+ $1 $19 ({But not} 29... Qd2 $2 30. Nxf6 Qe3+ 31. Kh1 $18) 30. Kh1 {[#]} Qf4 $1 {[%cal Rf4f1][%mdl 512]} 31. Qh6+ (31. Rxf4 c1=Q+) 31... Qxh6 32. Nxh6 Kxh6 33. Rxf6+ {[%mdl 4096] Endgame KR-KN} Kg5 34. Rf1 Nd4 35. Rc1 Kf4 36. g4 Ke3 {Black mates.} 37. Kg2 Kd2 38. Rf1 c1=Q 39. Rxc1 Kxc1 40. g5 e4 41. h4 e3 {What a bad dream for White. Accuracy: White = 62%, Black = 62%.} 0-1

[Event "Czech Open GM 2020"]
[Site "Pardubice"]
[Date "2020.09.22"]
[Round "2.19"]
[White "Nemec, Jachym"]
[Black "Sorensen, Hampus"]
[Result "0-1"]
[WhiteElo "2150"]
[BlackElo "2361"]
[Annotator "TA"]
[PlyCount "94"]
[EventDate "2020.09.21"]
[EventCountry "CZE"]
[SourceTitle "playchess.com"]
[Source "ChessBase"]
[SourceQuality "1"]

{[%evp 21,94,11,15,-10,0,-14,-22,-19,-14,-3,60,57,45,48,55,0,43,40,85,89,105,-37,-50,-33,3,-26,-27,-63,-55,-60,-54,-70,-56,-135,0,-70,-71,-146,-142,-247,0,0,0,0,0,0,31,-64,-60,-85,-71,-141,-142,-147,-146,-146,-143,-140,-138,-178,-180,-262,-232,-231,-226,-223,-219,-212,-210,-725,-716,-1193,-1191,-1101,-965]} 1. d4 d5 2. c4 c6 3. Nc3 Nf6 4. Nf3 e6 5. e3 a6 6. Bd3 dxc4 7. Bxc4 b5 8. Be2 Bb7 9. O-O Nbd7 10. e4 c5 11. e5 Nd5 $1 12. Ne4 {D47: Semi-Slav: Meran System.} cxd4 13. a4 Nb4 14. Nd6+ {The position is equal.} Bxd6 $1 15. exd6 {[#]} e5 $146 (15... d3 $1 $11 {[%mdl 512]} 16. Bxd3 Bxf3 17. gxf3 Nxd3 18. Qxd3 O-O) ({Predecessor:} 15... d3 16. Bxd3 Bxf3 17. gxf3 Nxd3 18. Qxd3 bxa4 19. Qd4 O-O 20. Be3 Qf6 21. Qxf6 Nxf6 22. Rxa4 Rfd8 23. Bc5 Nd7 {½-½ (23) Polugaevsky,L (2610)-Dreev,A (2625) Oviedo 1991}) 16. Bd2 $1 $14 {[%cal Rd2b4]} Nc6 17. axb5 axb5 18. Bxb5 (18. Rxa8 $14 Qxa8 19. Bxb5) 18... O-O 19. Rxa8 Bxa8 20. Qa4 $1 Nb6 21. Qa6 ({Only move:} 21. Qa3 $1 $16) 21... Nb8 $15 22. Qa3 N8d7 (22... Bxf3 $5 23. gxf3 Qf6 $11) 23. Re1 Qf6 24. Bg5 Qg6 25. Be7 {Bxd7 is the strong threat.} Rc8 26. Nh4 Qe6 27. Qa6 ({White must play} 27. Ba6 $1 $15 Rb8 28. Bb5) 27... Rb8 (27... Bc6 $17 28. Bxc6 Rxc6) 28. Qa7 (28. Bxd7 $11 Nxd7 29. Rc1) 28... f6 29. f4 (29. Qc7 $142) 29... Qg4 $1 $17 {[%cal Rg4h4]} 30. Ra1 (30. Rf1 $17 {was called for.} Bb7 31. Qa2+ Bd5 32. Qa5) 30... d3 $2 (30... Qxh4 31. Bxd7 Nxd7 32. Qa2+ Kh8 33. Qxa8 $17) (30... Bd5 $19 31. Bxd7 Nxd7) 31. Bxd7 $1 $11 Nxd7 32. Qa2+ Kh8 33. Qxa8 $1 {Threatens to win with Qa7.} d2 ({Don't blunder} 33... Qxh4 $2 34. Qxb8+ $1 {[%mdl 512]} Nxb8 35. d7 $1 $18 {[%mdl 512]}) 34. Qf3 ({Worse is} 34. Qa4 Qxh4 35. g3 Qh3 $17) (34. Qd5 $1 $14 Qxh4 35. Qxd2 exf4 36. Rf1) 34... Qxh4 $15 35. g3 Qh3 $36 {[%mdl 2048] Black is on the roll.} 36. Rd1 {[#]} (36. b3 $142) 36... exf4 $1 $17 {White must now prevent ...Ne5.} ({But not} 36... Rxb2 37. fxe5 fxe5 38. Qa8+ Rb8 39. Qe4 $11) 37. Rxd2 fxg3 38. Qxg3 Qf5 {aiming for ...Qb1+.} 39. Qc3 Qb1+ 40. Kf2 h6 41. Re2 (41. Kg2 $142) 41... Ne5 {And now ...Qf5+ would win.} 42. Kg2 Qf5 43. Qh3 Qg6+ 44. Qg3 {White wants to play Qxg6.} Qf7 45. Rd2 $2 (45. Kh1) 45... Rb3 $19 {Black is clearly winning.} 46. Qf2 Qg6+ 47. Kf1 Rf3 {Accuracy: White = 42%, Black = 80%.} 0-1

[Event "Czech Open GM 2020"]
[Site "Pardubice"]
[Date "2020.09.22"]
[Round "2.20"]
[White "Storme, Isak"]
[Black "Wahlund, Max"]
[Result "1-0"]
[WhiteElo "2353"]
[BlackElo "2153"]
[Annotator "TA"]
[PlyCount "57"]
[EventDate "2020.09.21"]
[EventCountry "CZE"]
[SourceTitle "playchess.com"]
[Source "ChessBase"]
[SourceQuality "1"]

{[%evp 12,57,29,27,30,25,27,4,8,16,29,27,65,77,255,239,250,239,248,244,217,228,264,145,653,638,644,651,725,724,720,718,689,692,927,940,1093,1085,1295,1287,1345,1288,2198,2172,5489,5335,5831,5519]} 1. e4 e6 2. d4 d5 3. Nd2 dxe4 4. Nxe4 Nd7 5. Nf3 Ngf6 6. Nxf6+ Nxf6 7. g3 b6 {C10: French with 3 Nc3: Unusual Black 3rd moves and 3...dxe4.} 8. Bb5+ $1 {8.Bb5+ scores better than 8.Bg2.} Bd7 9. Be2 Bc6 {The position is equal.} 10. O-O {Hoping for Ne5.} Bb7 11. Ne5 {And now Bb5+ would win.} a6 ({Not} 11... Qd5 $2 12. Bf3 $18) 12. c4 {[#]} c5 $146 (12... Bd6 $16) ({Predecessor:} 12... Bd6 13. Bf3 Qc8 14. Bc6+ Bxc6 15. Nxc6 O-O 16. Qf3 Re8 17. Bg5 Nd7 18. Rfe1 f6 {½-½ (37) Timofeev,A (2668)-Riazantsev,A (2646) Ulan Ude 2009}) 13. Qa4+ $1 $18 b5 14. cxb5 Qxd4 {[#]} 15. Bc4 $1 Qxe5 16. bxa6+ Nd7 {Threatens to win with ...Qe4!} 17. Bb5 (17. Rd1 $18 {[%csl Gd1][%cal Ra4d7]} Bd6 18. Bb5) 17... Bc8 $2 {[%mdl 8192]} (17... Qc7 $16) 18. Rd1 {White is clearly winning.} Qc7 {[#] Strongly threatening ...Bd6.} 19. Bf4 $1 {[%cal Rf4c7]} Qa7 20. Rd2 Be7 21. Rad1 O-O 22. Rxd7 Bxd7 23. Rxd7 Qb6 24. Rxe7 Qd8 25. Rd7 Qf6 26. Bc6 Qxb2 27. Bxa8 Rxa8 28. Rb7 Qe2 29. a7 {Black did not feel at home in the position after the opening. Accuracy: White = 90%, Black = 39%.} 1-0

[Event "Czech Open GM 2020"]
[Site "Pardubice"]
[Date "2020.09.23"]
[Round "3.1"]
[White "Zwardon, Vojtech"]
[Black "Stocek, Jiri"]
[Result "0-1"]
[WhiteElo "2455"]
[BlackElo "2595"]
[Annotator "TA"]
[PlyCount "90"]
[EventDate "2020.09.21"]
[EventCountry "CZE"]
[SourceTitle "playchess.com"]
[Source "ChessBase"]
[SourceQuality "1"]

{[%evp 13,89,0,0,0,10,0,14,14,20,14,44,-29,2,-38,-37,-47,-31,-31,-32,-24,0,0,17,17,41,45,54,0,0,0,0,0,0,-30,-22,-22,-27,-24,-21,-21,-21,-21,-21,-21,-21,-17,-20,-44,-43,-4969,-95,-553,-533,-4551,-811,-5185,-5185,-2951,-2815,-1122,-1110,-957,-887,-29955,-29955,-6179,-5381,-29991,-29987,-29987,-29985,-29988,-29989,-29996,-29997,-29997,-29998,-29999]} 1. c4 Nf6 2. g3 c6 3. Nf3 d5 4. Bg2 Bf5 5. O-O e6 6. d4 Nbd7 7. Qb3 Qb6 8. c5 {D11: Slav Defence: 3 Nf3 sidelines and 3...Nf6 4 e3 Bg4.} Qa6 9. Nc3 b6 10. cxb6 $1 {The position is equal.} axb6 11. Nh4 b5 {[%cal Bb6b5,Bb5b4][%mdl 32] [#]} 12. Re1 $146 (12. Nxf5 $14 exf5 13. Bf4) ({Predecessor:} 12. Nxf5 exf5 13. Qc2 b4 14. Nd1 g6 15. b3 Bg7 16. Bf4 O-O 17. Nb2 Ne4 18. Bxe4 fxe4 {½-½ (86) Ghimpu,S (2184)-Peptan,C (2380) Arad 2018}) 12... Be7 (12... b4 $5 {[%cal Rb4c3]} 13. e4 dxe4 14. Nxe4 Bxe4 15. Bxe4 Nxe4 16. Rxe4 Be7 $11) 13. f3 b4 14. e4 Bg6 15. Nxg6 hxg6 16. exd5 cxd5 17. Bf1 Qa5 (17... Qb6 {with more complications.} 18. Nb5 Nb8 19. Bf4 O-O 20. Rec1 Nc6) 18. Nb5 O-O 19. Bd2 Nb6 {[%cal Bd7b6,Bb6c4,Bc4d2][%mdl 32]} 20. Rec1 ({White should play} 20. a3 $14) 20... Rfc8 $11 21. Rxc8+ Rxc8 22. a4 Ne8 23. Qd1 Nc4 24. b3 Nxd2 25. Qxd2 Nd6 {Threatens to win with ...Nxb5.} 26. Rc1 Rxc1 27. Qxc1 Qb6 28. Kg2 Nxb5 29. Bxb5 Qxd4 30. Qc8+ Kh7 {And now ...Qb2+ would win.} 31. Qe8 $2 {[%mdl 8192] Black continues to play with concentration.} (31. Qc7 $15 Qb2+ 32. Kh3) 31... Qf6 $2 (31... Bc5 $19 {and Black stays clearly on top.} 32. Kh3 Qd2 33. Qxf7 Bg1) 32. h4 $2 {[%mdl 8192]} (32. Qc6 $17) 32... Bd6 $19 33. Qd7 Qe5 (33... Qb2+ $142 34. Kh3 Qe5) 34. f4 Qe4+ 35. Kh2 {[#]} Qc2+ $1 36. Kh3 Qf5+ 37. Kh2 {[#]} Bc5 $1 38. Bf1 Qc2+ {[%mdl 64] Double Attack} 39. Bg2 Bf2 {( -> ...Qc3)} 40. Qxf7 Qxb3 {Black mates.} 41. Qxe6 Qxg3+ {[%mdl 64] Double Attack} 42. Kh1 b3 43. Qg8+ Kxg8 44. Bxd5+ {[#]} Kf8 $1 {[%cal Rg3h3]} 45. Bg8 Qh3# {Accuracy: White = 56%, Black = 79%.} 0-1